| 000 | 00800nam a2200229Ia 4500 | ||
|---|---|---|---|
| 003 | Ost | ||
| 005 | 20260507075024.0 | ||
| 008 | 260507s9999||||xx |||||||||||||| ||und|| | ||
| 020 | _a977572323 | ||
| 040 | _cfsecg | ||
| 041 | _aara | ||
| 082 | _a330 | ||
| 100 |
_aروث، وليم _eمؤلف |
||
| 245 | 0 |
_aتطور نظرية الإدارة / _c وليم روث |
|
| 260 |
_aالقاهرة: _bإيتراك, _c2001 |
||
| 300 |
_a157 صفحة؛ _bإيضاحات ؛ _c24 سم |
||
| 520 | _aعصر ماقبل الثورة الزراعية-مراحل الثورة الزراعية- مابعد الثورة- لمحة عن مستقبل نظرية الإدارة | ||
| 653 | _aالإبداع الإداري | ||
| 653 | _aالإدارة | ||
| 653 | _aنظرية الإدارة | ||
| 942 | _cكتاب | ||
| 999 |
_c42310 _d42310 |
||